AU LIBRARIES
Centralized Library System Across Seven Campuses

Production and Operations Management : (Record no. 3100)

MARC details
000 -LEADER
fixed length control field 00420nam a2200157Ia 4500
005 - DATE AND TIME OF LATEST TRANSACTION
control field 20260408091332.0
008 - FIXED-LENGTH DATA ELEMENTS--GENERAL INFORMATION
fixed length control field 251127s9999 xx 000 0 und d
020 ## - INTERNATIONAL STANDARD BOOK NUMBER
ISBN 007561278X (hardcover) |
082 ## - DEWEY DECIMAL CLASSIFICATION NUMBER
Classification number 658.56
Author Mark CHA-P
100 ## - MAIN ENTRY--AUTHOR
Author Name Chase, Richard B.
245 #0 - TITLE STATEMENT
Title Production and Operations Management :
250 ## - EDITION STATEMENT
Edition statement 8th ed.
260 ## - PUBLICATION, DISTRIBUTION, ETC.
Place of Publication [S.l.] :
Name of publisher, distributor, etc. Richard D Irwin,
650 ## - SUBJECT ADDED ENTRY--TOPICAL TERM
Subject / Department Management Sciences
942 ## - ADDED ENTRY ELEMENTS (KOHA)
Koha item type Book
Holdings
Withdrawn status Lost status Damaged status Not for loan Collection code Permanent Location Current Location Shelving Location Date acquired Inventory number Full Call Number Accession No./Barcode Koha item type
        Management Science Air University H-11 Campus Islamabad Air University H-11 Campus Islamabad Management Science 01/11/2013 3259 658.56 CHA-P P5196 Book
Air University Sector E-9, Islamabad Pakistan
Email: librarian@au.edu.pk  Tel : +0092 51 9262612 Ext: 631